{"text_format":"3","workbook":"xls","n_sheets":5,"sheets":["参考价格表","2016年7月领用单","2016年10月请购单","2016年10月领用单 (2)","（已申购）办公用品领用单"],"read":"whole","date_system":"1900","formulas":"cached_only"}

{"sheet":"参考价格表","index":0,"n_rows":124,"n_cols":9,"rows_kept":124,"merged":[[0,0,0,8]],"flags":["formulas_cached_only"]}
[" 2016年办公用品参考价格表               "]
["序号","货物名称","品 牌","规 格","型 号","单位","数量","单价（元）","金额（元）"]
[1,"A4打印纸","小秀才/高品乐/共好","70g 210*297",null,"箱",null,160]
[2,"A4粉红打印纸","玛丽/ 益杰 ","80g   ",null,"包",null,23]
[3,"A3打印纸","小秀才/高品乐/共好","70 g 279*420",null,"包",null,32]
[4,"8K(试卷纸)","小秀才/奔冠","270mm*390mm",null,"箱",null,150]
[5,"水笔（0.5）","宝克/晨光 ","大容量","978/ 1530","盒",null,21.1]
[6,"水笔（0.7）","宝克/晨光","大容量",958,"盒",null,21.1]
[7,"红色水笔","晨光/","大容量",1530,"盒",null,21.1]
[8,"水笔","文明/晨光/真彩","0.5普","380/Q7/009","盒",null,21.1]
[9,"签字笔芯","宝克/晨光/宝克","大容量/ 普通","1800/007/5067","盒",null,13.2]
[10,"圆珠笔","爱好/万年盛",null,505,"盒",null,6.2]
[11,"荧光笔","中柏/东洋/智牌",null,808,"盒",null,18.5]
[12,"自动铅笔","晨光/真彩",null,"3002/482","支",null,1.9]
[13,"自动笔芯","晨光",0.5," 2B","支",null,1.3]
[14,"铅笔","中华",null,"2B","支",null,0.7]
[15,"铅笔","中华/长城",null,6151,"支",null,0.4]
[16,"油性记号笔","智牌/金万年",null,"303/932","支",null,1.3]
[17,"白板笔","东洋/金万年/得力",null,"520/610/6817","支",null,1.8]
[18,"白粉笔","光荣/蓓苗","长73mm 50支装",null,"盒",null,1.1]
[19,"黑板擦","竹园","55mm*135mm",null,"个",null,1.3]
[20,"橡皮擦","南韩/晨光",null,"4B","块",null,0.9]
[21,"卷笔刀","得力 / 晨光",null,"0635/ 90616","个",null,26.4]
[22,"卷笔刀","得力/ 东洋",null,"0526 / 301","个",null,2.6]
[23,"文件袋","远生 /福优 ","210*297","F56 ","个",null,1.3]
[24,"文件夹（双）","远生/欣宏","210*297","202/ 402","个",null,5.3]
[25,"文件夹（单）","远生 /欣宏","210*297","201 /301","个",null,4.4]
[26,"片袋","远生","210*297","E310/","个",null,0.5]
[27,"记录簿",null,"187mm*265mm",null,"本",null,0.9]
[28,"工作手册","玛丽 /新风","145mm*205mm","36K","本",null,2.2]
[29,"黑皮笔记本","鑫都/华岁","145mm*205","25K01/25027","本",null,15.8]
[30,"记账凭证","天章/华涧","120mm*210mm",null,"本",null,1.3]
[31,"科目汇总表","天章/华涧","120mm*210mm",null,"本",null,1.3]
[32,"彩色长尾夹","得力/谦博","15mm","6#","盒",null,11.4]
[33,"彩色长尾夹","得力/谦博","19mm","5#","盒",null,10.6]
[34,"彩色长尾夹","得力/谦博","25mm","4#","盒",null,17.6]
[35,"彩色长尾夹","得力/谦博","32mm","3#","盒",null,10.6]
[36,"彩色长尾夹","得力/谦博","51mm","1#","盒",null,15.8]
[37,"黑色长尾夹","谦博 /","19mm","5#","盒",null,2.6]
[38,"黑色长尾夹","谦博 ","  32mm","3#","盒",null,4.4]
[39,"黑色长尾夹","谦博 "," 51mm","1#","盒",null,7]
[40,"不锈钢夹子","翰文 ","5.3mm","3#","个",null,1.3]
[41,"不锈钢夹子（5#）","翰文 ","6.3mm","5#","个",null,1.8]
[42,"不锈钢夹子（6#）","翰文 ","7.3mm","6#","个",null,2.2]
[43,"笔筒（金属）","广博 /创艺",null,802,"个",null,5.3]
[44,"笔筒（塑料）","得力/富强",null,"906/168","个",null,13.2]
[45,"双面胶","胜意 ","2cm",null,"卷",null,1.9]
[46,"双面胶","胜意 ","1cm",null,"卷",null,1.1]
[47,"双面胶","胜意 ","0.6 cm",null,"卷",null,0.5]
[48,"大胶带","金广达/博执","5cm*200",null,"卷",null,7]
[49,"小胶带","胜意","1.8cm",null,"卷",null,0.5]
[50,"小胶带","胜意","2.4cm",null,"卷",null,0.9]
[51,"订书机","得力 /齐心",null,"0314 / 3084","台",null,17.6]
[52,"订书机","得力 /齐心",null,"0328 / 3083","台",null,15]
[53,"订书机","得力 /齐心",null,325,"台",null,8.8]
[54,"订书机","得力",null,414,"台",null,15.8]
[55,"订书机","得力",null,304,"台",null,4.4]
[56,"大型订书机"," 得力",null,393,"台",null,96.8]
[57,"订书钉（不锈钢）","得力",null,11,"盒",null,8.8]
[58,"订书钉","得力/齐心","2016-06-24",12,"盒",null,1.1]
[59,"厚层订书钉","益而高",null,2313,"盒",null,5.3]
[60,"厚层订书钉","益而高",null,2315,"盒",null,6.2]
[61,"厚层订书钉","益而高",null,2317,"盒",null,7]
[62,"厚层订书钉","益而高",null,2320,"盒",null,10.6]
[63,"厚层订书钉","益而高",null,2308,"盒",null,3.5]
[64,"起钉器","得力",null,231,"个",null,2.6]
[65,"印台","得力/工字",null,"9864/584","个",null,13.2]
[66,"蓝色印台","得力/工字",null,"9864/584","个",null,13.2]
[67,"双色印台","得力 ",null,9865,"个",null,14.1]
[68,"印油","得力 / 工字",null,"9874/ 431","瓶",null,5.3]
[69,"计算器","得力 / 齐心",null,837,"台",null,18.5]
[70,"回形针","得力/红丹阳",null,18,"盒",null,1.2]
[71,"小刀","先锋",null,588,"把",null,0.4]
[72,"剪刀","得力/ 齐心",null,"0603 / 2711","把",null,4.6]
[73,"美工刀","得力 / ",null,"2001/","把",null,2.2]
[74,"四栏文件架","远生 / 欣宏",null,"2041 / 804 ","个",null,15.8]
[75,"三层盘","远生/ 富强","252mm*330mm*55mm",10431,"个",null,24.6]
[76,"阅读架","得力",null,9258,"个",null,17.6]
[77,"档案袋","文丰","240mm*337mm","A4","个",null,0.4]
[78,"档案盒","树德","5cm 245*326",43011,"个",null,15]
[79,"资料盒","远生 /欣宏",null,"317 /505","个",null,10.6]
[80,"无酸纸档案盒","科技","2cm 238*315","A4","个",null,4.4]
[81,"无酸纸档案盒","科技","4cm 238*315","A4","个",null,4.4]
[82,"无酸纸档案盒","科技","6cm 23*315","A4","个",null,4.4]
[83,"无酸纸档案盒","文书","2cm  238*315","A4","个",null,4.4]
[84,"无酸纸档案盒","文书","4cm  238*315","A4","个",null,4.4]
[85,"无酸纸档案盒","文书","6cm 238*315","A4","个",null,4.4]
[86,"便利贴","惠普生/ ","76mm*76mm","B03","本",null,2.2]
[87,"便利贴（三条彩）","惠普生 ","25mm*76mm",861,"本",null,2.6]
[88,"标签贴",null,"25mm*28mm",303,"包",null,9.7]
[89,"固体胶","得力 /南韩",null,"7102/ ","个",null,1.3]
[90,"胶水","得力 /沪花",null,7302,"瓶",null,1.3]
[91,"浆糊","闽","500g",null,"瓶",null,1.8]
[92,"改正带","晨光/ 得力","12米","51701/","个",null,3.3]
[93,"磁扣","富尼",null,"Ct-17","排",null,4.4]
[94,"磁扣","富尼",null,"Ct-16","排",null,4]
[95,"电池","三圈",null,"5#","个",null,0.5]
[96,"电池","南孚",null,"5#","粒",null,1.8]
[97,"电池","南孚",null,"7#","粒",null,1.8]
[98,"电池","金箭",null,"9V","粒",null,3.5]
[99,"排插","公牛","6孔5米",609,"个",null,49]
[100,"排插","格田","6孔3米",319,"个",null,30.8]
[101,"U盘","金士顿","8G",null,"个",null,45]
[102,"U盘","金士顿","16G",null,"个",null,73]
[103,"U盘","金士顿","32G",null,"个",null,117]
[104,"U盘","金士顿","64G",null,"个",null,154]
[105,"移动硬盘","西数2.5寸500GUSB3.0","2.5寸500GUSB3.0",null,"个",null,370]
[106,"键盘","双飞燕/",null,"100//","个",null,62]
[107,"鼠标","双飞燕/优派",null,"520/255","个",null,44]
[108,"直尺","得力",null,6220,"把",null,1.9]
[109,"直尺","得力",null,6230,"把",null,2.5]
[110,"卷尺","得力",null,8203,"把",null,11]
[111,"开水瓶","茶花","5磅",null,"把",null,37]
[112,"开水瓶","茶花8磅","8磅",null,"把",null,69]
[113,"脸盆","茶花",null,null,"个",null,17.6]
[114,"塑料桶","鸿达",null,null,"个",null,7]
[115,"垃圾袋","胶胶 / 佳厨",null,null,"包",null,2.2]
[116,"垃圾袋","彩色","450mm*550mm",null,"包",null,3.2]
[117,"擦桌布","棉 / 普通","250mm*490mm",null,"条",null,7]
[118,"垃圾篓","富强 /",null,9553,"个",null,6.2]
[119,"玻璃绳",{"$nulls":3},"卷",null,1.3]
[120,"荣誉证书",null,"148mm*212mm",8812,"本",null,3.4]
[121,"电话机","步步高","HCD007(6082)TSD",null,"部",null,80]
[122,"交换机","D-LINK"," 8口",null,"个",null,85]

{"sheet":"2016年7月领用单","index":1,"n_rows":13,"n_cols":9,"rows_kept":13,"merged":[[0,0,0,7],[1,0,1,7],[11,0,11,5],[12,0,12,7]],"flags":["formulas_cached_only"]}
["办公用品领用单"]
[" 使用部门：党工部                         2016年7月"]
["序号","货物名称","品 牌","规 格","型 号","单位","数量","单价（元）","金额（元）"]
[1,"卷笔刀","得力 / 晨光",null,"0635/ 90616","个",1,26.4,26.4]
[2,"橡皮擦",{"$nulls":4},10,1,10]
[3,"订书钉","得力0.6MM",null,null,"盒",10,1,10]
[4,"双面胶","胜意 ","1cm",null,"卷",3,1.1,3.3000000000000003]
[5,"双面胶","胜意 ","0.6 cm",null,"卷",3,0.5,1.5]
[6,"便利贴（三条彩）","惠普生 ","25mm*76mm",861,"本",10,2.6,26]
[7,"A4打印纸","小秀才/高品乐/共好","80g 210*297",null,"箱",1,280,280]
[8,"水笔（0.5）","宝克/晨光 ","大容量","978/ 1530","盒",1,21.1,21.1]
[" 合 计",{"$nulls":7},378.3]
["审批：           部门负责人:          经办人："]

{"sheet":"2016年10月请购单","index":2,"n_rows":15,"n_cols":9,"rows_kept":15,"merged":[[0,0,0,8],[1,0,1,8],[12,0,12,5],[13,0,13,2],[13,3,13,5],[13,6,13,8],[14,0,14,8]],"flags":["formulas_cached_only"]}
[" 2016年10月办公用品请购单               "]
["部门(盖章)：党工部"]
["序号","货物名称","品 牌","规 格","型 号","单位","数量","单价（元）","金额（元）"]
[1,"移动硬盘","西数2.5寸500GUSB3.0","2.5寸500GUSB3.0",null,"个",2,370,740]
[2,"铅笔","中华",null,"2B","支",10,0.7,7]
[3,"卷笔刀","晨光",null,90616,"个",3,26.4,79.19999999999999]
[4,"垃圾袋","彩色","450mm*550mm",null,"包",2,3.2,6.4]
[5,"鼠标","双飞燕",null,520,"个",2,44,88]
[6,"U盘","金士顿","64G",null,"个",1,154,154]
[7,"工作手册","玛丽 /新风","145mm*205mm","36K","本",10,2.2,22]
[8,"简易书架",null,"黑色",null,"对",10,25,250]
[9,"水笔（0.7）","晨光","大容量",958,"盒",5,21.1,105.5]
[" 合 计",{"$nulls":7},1452.1]
["财务审核：",null,null,"部门负责人：",null,null,"经办人："]
["注：本请购单必须由经办人签字、部门负责人签字和财务处审核、并加盖本部门公章，于每月25日前报送后勤管理处,逾期放至下个月采购。不在目录范围内的物品放在后面填写,并另行估价（本月请购的是下个月的办公用品,月份要写下个月）。"]

{"sheet":"2016年10月领用单 (2)","index":3,"n_rows":15,"n_cols":9,"rows_kept":15,"merged":[[0,0,0,7],[1,0,1,7],[13,0,13,5],[14,0,14,7]],"flags":["formulas_cached_only"]}
["办公用品领用单"]
[" 使用部门：党工部                         2016年10月"]
["序号","货物名称","品 牌","规 格","型 号","单位","数量","单价（元）","金额（元）"]
[1,"移动硬盘","西数2.5寸500GUSB3.0","2.5寸500GUSB3.0",null,"个",2,370,740]
[2,"铅笔","中华",null,"2B","支",10,0.7,7]
[3,"卷笔刀","晨光",null,90616,"个",3,26.4,79.19999999999999]
[4,"垃圾袋","彩色","450mm*550mm",null,"包",2,3.2,6.4]
[5,"鼠标","双飞燕",null,520,"个",2,44,88]
[6,"U盘","金士顿","64G",null,"个",1,154,154]
[7,"工作手册","玛丽 /新风","145mm*205mm","36K","本",10,2.2,22]
[8,"简易书架",null,"黑色",null,"对",10,25,250]
[9,"水笔（0.7）","晨光","大容量",958,"盒",5,21.1,105.5]
[10,"强光手电筒",{"$nulls":4},1]
[" 合 计",{"$nulls":7},1452.1]
["审批：           部门负责人:          经办人："]

{"sheet":"（已申购）办公用品领用单","index":4,"n_rows":19,"n_cols":9,"rows_kept":19,"merged":[[0,0,0,8],[17,0,17,5],[18,3,18,4]],"flags":["formulas_cached_only"]}
["      年     月办公用品领用单"]
[" 使用部门：",{"$nulls":6},"时间："]
["序号","货物名称","品 牌","规 格","型 号","单位","数量","单价（元）","金额（元）"]
[1]
[2]
[3]
[4]
[5]
[6]
[7]
[8]
[9]
[10]
[11]
[12]
[13]
[14]
[" 小 计"]
["仓库管理员：",null,null,"  部门负责人：",null,null,"  经办人："]